The Ultimate Number Trivia Quiz (1-100) - Statistics

General Stats
  • This quiz has been taken 1,082 times
  • The average score is 41 of 100
Answer Stats
Hint Answer % Correct
The only even prime number 2
91%
Degrees in a right angle 90
89%
Days in February in a Leap Year 29
87%
Letters in the English alphabet 26
85%
In months, the traditional gestation period for a human baby 9
85%
"Candy Shop" rapper: __ Cent 50
84%
Weeks in a year 52
82%
Kalashnikov rifle, better known as an AK-__ 47
81%
Rings on the Olympic flag 5
81%
In an isosceles right triangle, one angle is 90 degrees and each of the other 2 angles is __ degrees 45
79%
Mysterious US military base in Nevada: Area __ 51
79%
Target score in the card game Blackjack 21
76%
Normal visual acuity (eyesight): __/__ 20
69%
San Francisco's NFL team: __ers 49
68%
Neutral pH balance 7
68%
Gifts presented to baby Jesus by the Magi 3
67%
You could "Get your kicks" on this historic US highway - Route __ 66
65%
Problems for Jay-Z 99
64%
Apollo __: First manned spacecraft to land on the moon 11
63%
Baker's dozen 13
63%
World War II novel "Catch __" 22
63%
Summer fondly recalled in song by Bryan Adams 69
62%
Largest prime number under 100 97
62%
Maximum number of days in a month in the Julian Calendar 31
60%
"_ is the loneliest number that you'll ever do," according to the song by Three Dog Night 1
59%
Age at which most US drivers can receive their full driver's license 16
59%
Horsemen of the Apocalypse in the Book of Revelation 4
59%
"Perfect" score achieved for the first time in Olympic gymnastics by Nadia Comăneci in 1976 10
58%
Number of people traditionally appointed on a jury in the US 12
57%
Age for a girl's Quinceañera in Mexico and Latin American 15
57%
Largest perfect square number under 100 81
56%
In the Bible, consecutive days and nights it rained, resulting in the great flood 40
55%
D-Day occurred on 6 June 19__ 44
54%
"Columbus sailed the ocean blue in fourteen hundred and..." 92
53%
Colored squares on a Rubik's Cube 54
50%
Days in Phileas Fogg's globe-circling trip 80
50%
Inches in a yard 36
49%
Traditional age for retirement in the UK, Germany, USA, and Canada 65
48%
How many days a week the Beatles "...need your love, girl..." 8
48%
...followed by 55, and then __ 89
48%
Answer to the "Ultimate Question to Life, the Universe, and Everything" 42
45%
Wheels on a standard tractor-trailer in the US, i.e. "an __-wheeler" 18
44%
The next number in the Fibonacci sequence following 13 and 21,... 34
44%
Highest score from a single dart throw that doesn't hit the bullseye 60
44%
Pairs of chromosomes in the standard human genome 23
42%
The smallest positive integer requiring 5 syllables in English 77
42%
Used to distinguish the presidency of George H.W. Bush from that of his son, #43, George W. Bush 41
40%
Featured prominently on Oklahoma's first state flag signifying that it was the __th state to join the union, ahead of New Mexico, Arizona, Alaska & Hawaii 46
40%
Points obtained from scoring 4 touchdowns/extra points in the NFL 28
39%
__ Hrs: A 1982 film starring Eddie Murphy and Nick Nolte 48
38%
Singer Adele's debut album 19
37%
Normal body temperature in degrees Celsius 37
37%
US teen fashion magazine 17
36%
In the NHL, the oldest remaining teams in the league are known as "The Original _" (Hint: It's a single-digit number) 6
36%
Racing number of Herbie the Love Bug (Hint: See the picture above) 53
35%
Trombonists leading the parade in "The Music Man," or
Philadelphia's NBA team, the __ers
76
34%
Keys on a piano 88
33%
In MPH, the national speed limit for cars in the UK on "the best grades of roads" 70
32%
Lines in a sonnet 14
31%
Heinz varieties 57
31%
Age the Beatles wonder whether they will still be needed or fed 64
30%
Usual par for a standard 18-hole golf course 72
30%
Number of cents you would have if you had one each of the US coin denominations less than $1.00 (Hint: You would have 5 coins) 91
30%
Wilt Chamberlain's single game NBA points record 100
28%
Katherine Heigl's bridesmaid dresses in the movie of the same name 27
26%
Blackbirds baked in a pie in the traditional English nursery rhyme. 24
25%
"__ Years' War" fought mainly in Central Europe in the 17th Century 30
25%
Uniform number worn by NFL player Chad "Ochocinco" Johnson 85
25%
Teams in the National Football League 32
24%
Speed Sammy Hagar tells us he can't drive in song (Hint: It was the standard US speed limit at the time in MPH) 55
24%
Years referenced in the first line of Abraham Lincoln's "Gettysburg Address" 87
24%
Sum of the five smallest odd prime integers 39
23%
Two bits equals __ cents 25
22%
Balls in a standard game of Bingo in the US 75
20%
Lowest score recorded by a golfer in an official tournament of one of the leading professional tours (Hint: It was 14 under par) 58
19%
The Batttle of Gettysburg in the Amereican Civil War took place 1-3 July 18__ 63
19%
Regular season games for each team in both the NBA and NHL 82
19%
Theses posted my Martin Luther on the door of the Castle Church in Wittenberg, Germany in 1517 95
19%
The number of racers (lined up in 11 even rows), who traditionally start the Indianapolis 500 33
18%
__ Degrees: Former US boy band featuring Nick Lachey 98
17%
Common RPM speed for vinyl records, along with 33 and 45 78
16%
Agent number of Maxwell Smart in TV's "Get Smart;" or
Slang used in restaurants to indicate an item is not available, or a customer should be kicked out
86
15%
Year (AD) of the catastrophic euption of Mount Vesuvius 79
14%
United Airlines Flight __ crashed in Shanksville, PA on September 11, 2001 after its passengers revolted against the hijackers 93
14%
__th Parallel: Pre-Korean War boundary between North Korea and South Korea 38
13%
Teams selected for the NCAA "March Madness" Basketball Tournament, including the "First Four" 68
13%
19__, Van Halen's sixth studio album released in 19__; or
__ Lumber - A U.S. Building product retailer named after a town in western Pennsylvania
84
13%
US high-altitude reconnaissance aircraft: the SR-__ "Blackbird" 71
12%
Basic film gauge used in analog photography: __mm 35
11%
Earliest age a person may begin receiving retirement benefits under the US Social Security system 62
11%
Atomic number of Plutonium 94
9%
Number of games in Joe DiMaggio's MLB-record hitting streak 56
8%
"__th Street Bridge Song (Feelin' Groovy)" by Simon & Garfunkel 59
8%
Home runs hit by Roger Maris in 19__ to surpass Babe Ruth's single season HR record 61
8%
Sheldon Cooper's favorite number on the "Big Bang Theory;" or
Books in the Catholic Bible; or
The name of a 1980's UK children's television program
73
7%
The threshold of sustained winds (in MPH) for a tropical system to be considered a hurricane/typhoon (Equates to 119 KPH) 74
7%
Texas Instruments TI-__ graphing calculator - the standard for US high school math for decades; or
US Interstate Highway from Baltimore, MD to a junction with Interstate 81 near Harrisburg, PA
83
6%
"__ Tears": Song by ? and the Mysterians which topped the Billboard charts in October 1966 96
6%
The number on Richard Petty's famous STP Plymouth in NASCAR 43
5%
Two digits at the center of a bizarre 2025 social media trend. 67
4%
No matching quizzes found
Score Distribution
Percent of People with Each Score
Percentile by Number Answered
Your Score History
You have not taken this quiz